00658nam a22002058x 45000010008000000080041000080150013000490160015000620200015000770200031000920500020001230820012001431000019001552450076001742600048002503000018002983500031003164400034003476000071003811733899900630s1990 enk w 00010 eng b ab900069700a100=NOTNAL a052132823310a0521316928cvcpbkc£4.9500aPQ8180.17.A73Z/00a86321910aWood, Michael.10aGabriel Garcĭa Márquez: One hundred years of solitudecMichael Wood aCambridgebCambridge University Pressc1990 a[140]pecased00a£12.95 : CIP entry (Mar.)00aLandmarks of world literature20aGarcía Márquez, Gabriel,d1928-xCriticism and interpretation.